Safe as houses? (Record no. 104264)
[ view plain ]
| 000 -LEADER | |
|---|---|
| fixed length control field | 01292cam a2200181 4500 |
| 001 - CONTROL NUMBER | |
| control field | L129703 |
| 008 - FIXED-LENGTH DATA ELEMENTS--GENERAL INFORMATION | |
| fixed length control field | 050512n2005 000 0 eng u |
| 035 ## - SYSTEM CONTROL NUMBER | |
| System control number | (Sirsi) u129703 |
| 041 ## - LANGUAGE CODE | |
| Language code of text/sound track or separate title | eng |
| 110 ## - MAIN ENTRY--CORPORATE NAME | |
| Corporate name or jurisdiction name as entry element | Association of British Insurers |
| 9 (RLIN) | 3272 |
| 245 ## - TITLE STATEMENT | |
| Title | Safe as houses? |
| Remainder of title | flood risk and sustainable communities |
| 260 ## - PUBLICATION, DISTRIBUTION, ETC. | |
| Date of publication, distribution, etc. | 2005 |
| 520 ## - SUMMARY, ETC. | |
| Summary, etc. | The Association of British Insurers (ABI) has published its flood manifesto "Safe as houses? flood risk and sustainable communities". Proposes further working with MPs and other elected representatives to reduce the threat from flooding and delivering better flood protection to communities. Describes ABI's agenda for reducing flood risk; its securing of improvements in the areas of investment, planning, risk information and urban drainage; its suggestions for future action to manage risk; and the maintenance of progress in the face of development pressures, climate change and technological changes. Concludes with a long-term commitment by insurers towards flood risk alleviation. |
| 590 ## - LOCAL NOTE (RLIN) | |
| Local note | IKA190505 |
| 690 ## - LOCAL SUBJECT ADDED ENTRY--TOPICAL TERM (OCLC, RLIN) | |
| Topical term or geographic name as entry element | ENVIRONMENTAL AND LAND CONSULTANCY-WATER RESOURCE MANAGEMENT-FLOODING |
| 856 ## - ELECTRONIC LOCATION AND ACCESS | |
| Uniform Resource Identifier | <a href="https://www.abi.org.uk/Publications/Safe_as_Houses1.aspx">https://www.abi.org.uk/Publications/Safe_as_Houses1.aspx</a> |
| Public note | View the manifesto free of charge at www.abi.org.uk... |
| 942 ## - ADDED ENTRY ELEMENTS (KOHA) | |
| Suppress in OPAC | 0 |
| Withdrawn status | Lost status | Source of classification or shelving scheme | Damaged status | Not for loan | Home library | Current library | Shelving location | Date acquired | Total Checkouts | Full call number | Barcode | Date last seen | Copy number | Price effective from | Koha item type |
|---|---|---|---|---|---|---|---|---|---|---|---|---|---|---|---|
| Dewey Decimal Classification | Virtual | Virtual | Online | 12/05/2005 | ONLINE PUBLICATION | 129703-1001 | 06/08/2019 | 1 | 06/08/2019 | Book |